| 000 | 00426nam a2200169 i 4500 | ||
|---|---|---|---|
| 001 | bg | ||
| 100 | 1 | _aLEVINE, H. | |
| 245 | 0 |
_aUnidirectional wave motions. _nVol. 23, _pApplied mathematics / _cH. Levine. |
|
| 260 |
_aAmsterdam : _bNorth-Holland, _c1978. |
||
| 020 | _a0444850430 | ||
| 040 | _cBPK | ||
| 041 | _apol | ||
| 080 | _a53 | ||
| 920 | _a0-444-85043-0 | ||
| 942 | _cKS | ||
| 008 | s pl f |000 0 pol | ||
| 999 |
_c19415 _d19415 |
||
| 856 |
_uhttp://koha.tu.koszalin.pl/cgi-bin/koha/opac-detail.pl?biblionumber=19415 _yKatalog online BPK |
||